000 01322nam2a2200313 4500
001 RU\NLR\bibl\356796
005 20250621155359.0
010 _a5-275-00684-5
_bВ пер.
021 _aRU
_b2002-52773
_92558
035 _a(NLR Aleph) 000351445
090 _a278541
_c278541
100 _a20021226d2002 |||y0rusy50 ca
101 1 _arus
_ceng
102 _aRU
105 _ay |||||||||
200 1 _aЖанна д'Арк
_eРоман
_hкн. 3
_iСуд и мученичество
_f[Пер. с англ. И. Ясинского]
_aТаинственный незнакомец
_eПовесть
_f[Пер. с англ. А. Старцева]
_aИз автобиографии
_e[Пер. с англ.]
210 _d2002
_aБ. м.
215 _a380,[2] с.
461 0 _1001RU\NLR\bibl\359285
_12001#$aСобрание сочинений$vТ. 16
_9293237
_aТвен, М. (1835-1910)
_cМ.
_d2002
_fМарк Твен
_nТерра-кн. клуб
_oВ 18 т.
_tСобрание сочинений
_y5-275-00668-3
_vТ. 16
675 _a821.111(73)Твен2
_v3
_zrus
675 _a821.111(73)-31Твен
_v3
_zrus
686 _a17.82
_2rugasnti
686 _a84(7Сое)-44
_2rubbk
801 0 _aRU
_bRKP
_c20021226
_gPSBO
801 1 _aRU
_bRKP
_c20021226
801 2 _aRU
_bNLR
_c20030204
_grcr
942 _cBOOK
980 _aNB